Statistics for Most Populous Country By Letter

Click here to take the quiz!

General Stats

  • This quiz has been taken 20 times
  • The average score is 22 of 24

Answer Stats

LetterContinentAnswer% Correct
CAsiaChina
100%
GEuropeGermany
100%
IAsiaIndia
100%
REurope/AsiaRussia
100%
ASouth AmericaArgentina
94%
BSouth AmericaBrazil
94%
FEuropeFrance
94%
HNorth AmericaHaiti
94%
JAsiaJapan
94%
KAfricaKenya
94%
LAsiaLaos
94%
OAsiaOman
94%
QAsiaQatar
94%
UNorth AmericaUnited States
94%
VAsiaVietnam
94%
YAsiaYemen
94%
ZAfricaZambia
94%
NAfricaNigeria
89%
PAsiaPakistan
89%
MNorth AmericaMexico
83%
SAfricaSouth Africa
83%
TAsiaTurkey
83%
DAfricaD. R. Congo
78%
EAfricaEthiopia
78%

Score Distribution

Percentile by Number Answered

Percent of People with Each Score

Your Score History

You have not taken this quiz